000 00596nam a2200205Ia 4500
005 20250508164636.0
008 008 250505s9999 xx 000 0 eng d
037 _aTextual
040 _aFEDL
_beng
_cFEDL
041 _aeng
_2eng
084 _a001.4, SCH
_qFEDL
100 _aSchostak John
245 0 _aRadical research: Designing, developing and writing research to make a difference
260 _aLondon, UK
_bRoutledge
_c2008
300 _a297p.
365 _aGBP
_b23.99
700 _a Schostak Jill
_9778706
942 _cTEXL
_h001.4, SCH
999 _c1390296
_d1390296